ਪੰਜਾਬੀ ਲੋਕ ਗੀਤ (Record no. 1229732)
[ view plain ]
| 000 -LEADER | |
|---|---|
| fixed length control field | 00834nam a2200229Ia 4500 |
| 003 - CONTROL NUMBER IDENTIFIER | |
| control field | OSt |
| 005 - DATE AND TIME OF LATEST TRANSACTION | |
| control field | 20260325104333.0 |
| 008 - FIXED-LENGTH DATA ELEMENTS--GENERAL INFORMATION | |
| fixed length control field | 241129s9999||||xx |||||||||||||| ||und|| |
| 037 ## - SOURCE OF ACQUISITION | |
| Stock number | TB |
| 040 ## - CATALOGING SOURCE | |
| Original cataloging agency | CRL |
| Language of cataloging | pun |
| Transcribing agency | CRL |
| 041 ## - LANGUAGE CODE | |
| Language code of text/sound track or separate title | pun |
| Source of code | pun |
| 084 ## - COLON CLASSIFICATION NUMBER | |
| Classification number | Y73(P153):351 153Q8 |
| Assigning agency | CRL |
| 100 ## - MAIN ENTRY--PERSONAL NAME | |
| Personal name | ਘੁੰਮਣ, ਬਿਕਰਮ ਸਿੰਘ, ਚ। |
| 9 (RLIN) | 1231834 |
| 245 #0 - TITLE STATEMENT | |
| Title | ਪੰਜਾਬੀ ਲੋਕ ਗੀਤ |
| Statement of responsibility, etc. | ਘੁੰਮਣ, ਬਿਕਰਮ ਸਿੰਘ, ਚ। |
| 260 ## - PUBLICATION, DISTRIBUTION, ETC. | |
| Place of publication, distribution, etc. | ਅੰਮ੍ਰਿਤਸਰ, ਭਾਰਤ |
| Name of publisher, distributor, etc. | ਅੰਮ੍ਰਿਤਸਰ ਵਾਰਿਸ ਸ਼ਾਹ ਫ਼ਾਉਡੇਸ਼ਨ |
| Date of publication, distribution, etc. | 2018 |
| 300 ## - PHYSICAL DESCRIPTION | |
| Extent | 288ਪ੍ਰ0 |
| 365 ## - TRADE PRICE | |
| Price type code | INR |
| Price amount | 350 |
| 546 ## - LANGUAGE NOTE | |
| Language note | Translated From Hindi to Punjabi. |
| 650 ## - SUBJECT ADDED ENTRY--TOPICAL TERM | |
| Topical term or geographic name entry element | Sociology |
| 942 ## - ADDED ENTRY ELEMENTS (KOHA) | |
| Koha item type | Textbook |
| Classification part | Y73(P153):351 153Q8 |
| Source of classification or shelving scheme | Colon Classification (CC) |
| Withdrawn status | Lost status | Source of classification or shelving scheme | Damaged status | Not for loan | Home library | Current library | Date acquired | Source of acquisition | Cost, normal purchase price | Inventory number | Total Checkouts | Full call number | Barcode | Date last seen | Price effective from | Koha item type |
|---|---|---|---|---|---|---|---|---|---|---|---|---|---|---|---|---|
| Colon Classification (CC) | Central Library | Central Library | 2024-11-29 | Efficient Book Distributors | 350.00 | 1619 & 08/01/2024 | Y73(P153):351 153Q8 | CL1680535 | 2024-11-29 | 2024-11-29 | Textbook |
